|
|
|
|
| LEADER |
00000nam0a2200000 4500 |
| 001 |
155950 |
| 005 |
20231101221854.0 |
| 010 |
|
|
|a 5875920033
|
| 020 |
|
|
|a RU
|b 92-8161
|
| 035 |
|
|
|a (RuTPU)RU\TPU\book\169139
|
| 090 |
|
|
|a 155950
|
| 100 |
|
|
|a 20090320d1992 e y0rusy5003 ca
|
| 101 |
1 |
|
|a rus
|c ger
|
| 102 |
|
|
|a RU
|
| 105 |
|
|
|a a z 000zy
|
| 200 |
1 |
|
|a Сказки Я. и В. Гримм
|e [Для детей]
|f Я. Гримм, В. К. Гримм
|g изложенны и пер. с нем. В. А. Гатцук ; худож. Грот-Иоган ; Лейнвебер
|
| 210 |
|
|
|a Москва
|c Фора-2
|d 1992
|
| 215 |
|
|
|a 253,[2] с.
|c ил.
|d 20 см
|
| 610 |
1 |
|
|a Сказки немецкие
|
| 610 |
1 |
|
|a детская литература
|
| 675 |
|
|
|a 83
|z rus
|
| 700 |
|
1 |
|a Гримм
|b Я.
|c немецкий филолог
|f 1785-1863
|g Якоб
|2 stltpush
|3 (RuTPU)RU\TPU\pers\7803
|9 1522
|
| 701 |
|
1 |
|a Гримм
|b В. К.
|g Вильгельм Карл
|4 070
|
| 701 |
|
1 |
|a Гримм
|b В.
|c немецкий филолог
|f 1786-1859
|g Вильгельм
|2 stltpush
|3 (RuTPU)RU\TPU\pers\7804
|9 1523
|
| 702 |
|
1 |
|a Гатцук
|b В. А.
|4 010
|
| 702 |
|
1 |
|a Грот-Иоган
|4 440
|
| 702 |
|
1 |
|a Лейнвебер
|4 440
|
| 801 |
|
0 |
|a RU
|b RuMRKP
|c 19950417
|g psbo
|
| 801 |
|
1 |
|a RU
|b 63413507
|c 20090320
|g PSBO
|
| 801 |
|
2 |
|a RU
|b 63413507
|c 20160118
|g PSBO
|
| 942 |
|
|
|c BK
|